Loading...
| Social Science | 0 | 4 | 0 | 1 | 40 | 99 | 118.25 | 0 | 0 | 0.00 | 0.00 |
| Science - Other | 0 | 4 | 0 | 0 | 40 | 88 | 113.75 | 0 | 1 | 0.00 | 0.00 |
| Literature - American | 0 | 4 | 1 | 0 | 35 | 72 | 113.25 | 1 | 2 | 0.00 | 0.00 |
| Literature - World | 0 | 4 | 1 | 0 | 35 | 93 | 132.00 | 0 | 1 | 0.00 | 0.00 |
| Literature - British | 0 | 3 | 0 | 0 | 30 | 102 | 124.67 | 1 | 1 | 0.00 | 0.00 |
| Fine Arts - Other | 0 | 3 | 0 | 1 | 30 | 112 | 126.33 | 0 | 1 | 0.00 | 0.00 |
| Philosophy | 0 | 2 | 0 | 0 | 20 | 87 | 101.50 | 0 | 0 | 0.00 | 0.00 |
| Fine Arts - Painting & Sculpture | 0 | 1 | 0 | 0 | 10 | 93 | 93.00 | 0 | 0 | 0.00 | 0.00 |
| History - World | 0 | 1 | 0 | 0 | 10 | 100 | 100.00 | 0 | 0 | 0.00 | 0.00 |
| History - American | 0 | 1 | 0 | 0 | 10 | 119 | 119.00 | 0 | 0 | 0.00 | 0.00 |
| History - Other | 0 | 1 | 0 | 0 | 10 | 125 | 125.00 | 0 | 0 | 0.00 | 0.00 |
| Religion | 0 | 1 | 0 | 0 | 10 | 140 | 140.00 | 0 | 0 | 0.00 | 0.00 |
| History - European | 0 | 0 | 0 | 0 | 0 | 0.00 | 0 | 0 | 0.00 | 0.00 | |
| Literature - European | 0 | 0 | 0 | 0 | 0 | 0.00 | 0 | 0 | 0.00 | 0.00 |